Statistics for Taylor Swift - guess the song with no hints ⭒12

Click here to take the quiz!

General Stats

  • This quiz has been taken 1,552 times
  • The average score is 278 of 371

Answer Stats

Answer% Correct
(I
100%
I
100%
a
99%
you
98%
you)
98%
You
98%
the
97%
me,
95%
me
95%
And
94%
and
94%
on
90%
your
90%
in
89%
to
89%
be
88%
my
88%
when
86%
you're
84%
They
82%
they
82%
we're
82%
of
81%
that
80%
don't
79%
Don't
79%
it's
79%
there
79%
can
76%
I'm
76%
But
74%
but
74%
could
73%
if
73%
I'll
73%
with
73%
ever
72%
up
72%
Day
70%
will
69%
night
68%
their
68%
down
67%
New
66%
from
65%
want
65%
Year's
65%
hold
64%
(hold
64%
Hold
64%
back
62%
last
62%
shoes
62%
after
61%
floor
61%
There's
61%
bottles
60%
party
60%
Please
60%
read
60%
cleaning
59%
glitter
59%
memories
59%
memories,
59%
tell
59%
become
58%
Girls
58%
laugh
58%
lobby
58%
Or
58%
or
58%
out
58%
stay
58%
stranger
58%
anywhere
57%
before,
57%
hand
57%
long
57%
recognize
57%
carrying
56%
gonna
56%
midnights
56%
page
56%
Whose
56%
hard,
55%
babe
53%
times
53%
away
52%
home
52%
making
52%
Polaroids
52%
road
52%
taxi
52%
wrong,
52%
mistakes
51%
three
51%
hardwood
50%
lost,
49%
squeeze
49%
town,
49%
Candle
48%
forevermore
48%
wax
48%
turning
47%
scared,
46%
toast
45%
strike
42%
crawling
41%

Score Distribution

Percentile by Number Answered

Percent of People with Each Score

Your Score History

You have not taken this quiz